E. M. Forster
Guardat en:
| Autor principal: | |
|---|---|
| Format: | Llibre |
| Idioma: | anglès |
| Publicat: |
Londres
Longmans, Green and Co
1954
|
| Col·lecció: | Writers and Their Work, 7
|
| Matèries: | |
| Etiquetes: |
Afegir etiqueta
Sense etiquetes, Sigues el primer a etiquetar aquest registre!
|
MARC
| LEADER | 00000nam a2200000 a 4500 | ||
|---|---|---|---|
| 001 | UCQ3892 | ||
| 003 | CL-VaPUC | ||
| 008 | 980828e19540000UK |||||||||||||||||eng|d | ||
| 082 | 0 | 4 | |a 823.09 |b WAR |2 21 |
| 100 | 0 | |a Warner, Rex |e author |9 418096 | |
| 245 | 1 | 0 | |a E. M. Forster |
| 300 | |a 32 p | ||
| 942 | |c BK | ||
| 945 | |d 19980828 00:00:00 |a crobeson | ||
| 260 | |a Londres |b Longmans, Green and Co |c 1954 | ||
| 600 | 0 | 7 | |a FORSTER, EDWARD MORGAN |2 CL-VaPUC |9 418097 |
| 650 | 7 | |a NOVELA INGLESA |2 CL-VaPUC |9 309260 | |
| 650 | 0 | |a Literatura inglesa |9 312907 | |
| 650 | 0 | |a Historia y crítica |9 257407 | |
| 583 | |a last modification |c 19980828 00:00:00 |k Rodrigo Vera | ||
| 490 | 0 | |a Writers and Their Work, 7 | |
| 999 | |c 274403 |d 274401 | ||
| 952 | |0 0 |1 0 |4 0 |6 823_090000000000000_WAR_1954 |7 0 |8 A |9 310562 |a BIBEDU |b BIBEDU |d 2019-11-20 |i 1459414 |o 823.09 WAR 1954 |p 1459414 |r 2019-11-20 |w 2019-11-20 |y BK |k LIT | ||